00494pab a2200169 454500008004000000100002400040245010300064260000900167300001500176362000800191650001700199650001900216650001900235650001700254700002800271773002500299180718b2017 xxu||||| |||| 00| 0 eng d aCarroll, Deborah A  aAssessing the influence of property tax delinquency and foreclosures on residential property sales c2017 ap.898-923. aSep aForeclosures aHousing prices aproperty sales aProperty tax aGoodman, Christopher B. aUrban Affairs Review